000 00592nam a2200229Ia 4500
003 OSt
005 20220928145600.0
006 a|||||r|||| 00| 0
007 ta
008 220927b |||||||| |||| 00| 0 eng d
024 _a81171
037 _cTextual
040 _aSDCL
_cSDCL
_beng
041 _2eng
_aeng
082 _aG11, M5
100 _aBennett Michael V L Ed.
_9513391
245 0 _aGap junctions.
260 _c1985
700 _a Spray David C Ed.
_9513392
942 _hG11, M5
_cTEXL
_2CC
999 _c834040
_d834040